|
|
|
|
| LEADER |
00000nab a2200000 a 4500 |
| 001 |
vtls000858528 |
| 003 |
SK-MaSNL |
| 005 |
20260302171657.0 |
| 008 |
041108c20041029xo dr|p|||||||000 b|slo |
| 015 |
|
|
|a SNBRB2004/11
|2 snkbucl
|
| 038 |
|
|
|a SNKBUCL
|
| 040 |
|
|
|a SNKBUCL
|b slo
|c SNKBUCL
|e AACR2
|
| 041 |
0 |
|
|a slo
|
| 044 |
|
|
|a xo
|c SK
|
| 080 |
|
|
|a 629.331.1
|2 UDC-MRF-SK2
|
| 100 |
1 |
|
|a Lučanič, Ľudovít,
|d 1959-
|4 aut
|9 5542
|
| 245 |
1 |
0 |
|a Prvá Kia aj s dieselovým motorom ...
|b Kia Cerato
|
| 300 |
|
|
|b Fotogr.
|
| 650 |
0 |
7 |
|a Kia Cerato (osobný automobil)
|x technické parametre
|2 snkbucl
|9 876273
|
| 650 |
0 |
7 |
|a osobné automobily
|2 snkbucl
|9 26643
|
| 700 |
1 |
|
|a Lučanič, Ľudovít,
|d 1959-
|4 aut
|9 5542
|
| 773 |
0 |
|
|t Šport
|g Roč. 58, č. 251 (29.10.2004)
|x 0139-7001
|
| 773 |
0 |
|
|i Príl.:
|t Šport extra
|g S. 35
|
| 852 |
|
|
|a SNK
|b KIS3GCP
|
| 999 |
|
|
|c 1396572
|d 1398502
|